Life Together: Memories and Dreams (Record no. 11020)

MARC details
000 -LEADER
fixed length control field 00634nam a2200241 a 4500
001 - CONTROL NUMBER
control field 0001-1020
003 - CONTROL NUMBER IDENTIFIER
control field ELIB.Books
008 - FIXED-LENGTH DATA ELEMENTS--GENERAL INFORMATION
fixed length control field 141029 2010 eng
020 ## - INTERNATIONAL STANDARD BOOK NUMBER
International Standard Book Number 9789627439554
035 ## - SYSTEM CONTROL NUMBER
System control number (ELIB.Books)0001-1174
092 ## - LOCALLY ASSIGNED DEWEY CALL NUMBER (OCLC)
Classification number 280.042
Item number Ant
100 ## - MAIN ENTRY--PERSONAL NAME
Personal name Antone, Hope S.
245 ## - TITLE STATEMENT
Title Life Together: Memories and Dreams
260 ## - PUBLICATION, DISTRIBUTION, ETC. (IMPRINT)
Place of publication, distribution, etc. Chiang Mai
Name of publisher, distributor, etc. Christian Conference of Asia
Date of publication, distribution, etc. 2010
300 ## - PHYSICAL DESCRIPTION
Extent 166
Dimensions 21 Cm
500 ## - GENERAL NOTE
General note Library
650 ## - SUBJECT ADDED ENTRY--TOPICAL TERM
Topical term or geographic name as entry element Ecumenism
856 ## - ELECTRONIC LOCATION AND ACCESS
Name of location of host Christian Conference of Asia
Uniform Resource Identifier <a href="KBTS; Elib.">KBTS; Elib.</a>
942 ## - ADDED ENTRY ELEMENTS (KOHA)
Source of classification or shelving scheme Dewey Decimal Classification
Koha item type Books
990 ## - EQUIVALENCES OR CROSS-REFERENCES [LOCAL, CANADA]
Link information for 9XX fields 1
998 ## - LOCAL CONTROL INFORMATION (RLIN)
Cataloger's initials, CIN (RLIN) bat
-- 2014-10-29
Holdings
Withdrawn status Lost status Source of classification or shelving scheme Damaged status Not for loan Home library Current library Date acquired Total Checkouts Barcode Date last seen Bill Date Koha item type
    Dewey Decimal Classification     Karen Baptist Theological Seminary Library Karen Baptist Theological Seminary Library 29/10/2014   14686 22/01/2022 22/01/2022 Books
Implemented & Customized by: BestBookBuddies

Powered by Koha